[Event "ICS rated blitz match"]
[Site "204.178.125.65"]
[Date "2000.11.15"]
[Round "?"]
[White "Hossa"]
[Black "Ziko"]
[Result "1-0"]
[WhiteElo "2468"]
[BlackElo "2247"]
[PlyCount "31"]
[EventDate "2000.??.??"]

1. e4 e6 2. d4 d5 3. Nd2 c5 4. exd5 exd5 5. Ngf3 Nc6 6. Bb5 Bd6 7. dxc5 Bxc5 8.
Nb3 Bb6 9. O-O Nge7 10. Re1 O-O 11. c3 Bg4 12. Bd3 h6 13. h3 Bh5 14. Bf4 Qd7
15. Be3 Ne5 16. Nxe5 {Ziko resigns} 1-0

[Event "ICS rated blitz match"]
[Site "204.178.125.65"]
[Date "2000.11.15"]
[Round "?"]
[White "Ziko"]
[Black "Hossa"]
[Result "1/2-1/2"]
[WhiteElo "2240"]
[BlackElo "2475"]
[PlyCount "40"]
[EventDate "2000.??.??"]

1. d4 Nf6 2. Nf3 e6 3. c4 d5 4. Bg5 dxc4 5. e3 b5 6. a4 Bb4+ 7. Nc3 c6 8. Ne5
O-O 9. Qf3 Qa5 10. Bxf6 Bxc3+ 11. Kd1 Be1 12. Qe2 gxf6 13. Ng4 Bb4 14. Nxf6+
Kg7 15. Qg4+ Kxf6 16. Qh4+ Kg7 17. Qg5+ Kh8 18. Qf6+ Kg8 19. Qg5+ Kh8 20. Qf6+
Kg8 {Game drawn by mutual agreement} 1/2-1/2

[Event "ICS rated blitz match"]
[Site "204.178.125.65"]
[Date "2000.11.15"]
[Round "?"]
[White "Hossa"]
[Black "ChesterX"]
[Result "0-1"]
[WhiteElo "2466"]
[BlackElo "2528"]
[PlyCount "152"]
[EventDate "2000.??.??"]

1. e4 c6 2. d3 d5 3. Nd2 dxe4 4. dxe4 e5 5. Ngf3 Nd7 6. Nb3 Ngf6 7. Bd3 Be7 8.
Bg5 O-O 9. Qe2 a5 10. O-O-O a4 11. Nbd2 a3 12. b3 Qc7 13. h4 Rd8 14. h5 Nc5 15.
Nc4 h6 16. Bh4 Ng4 17. Nb6 Nxd3+ 18. cxd3 Qxb6 19. Bxe7 Re8 20. Bh4 Be6 21. Qc2
Ra5 22. Nd2 Ra6 23. Kb1 Raa8 24. Bg3 Qb4 25. Nc4 b5 26. Nd2 c5 27. Rde1 c4 28.
dxc4 bxc4 29. Nxc4 Rac8 30. Ka1 Bxc4 31. bxc4 Rxc4 32. Rb1 Qc5 33. Qd2 Rxe4 34.
Rhc1 Qe7 35. Rc6 Rd4 36. Qc2 Qg5 37. Rc8 Rxc8 38. Qxc8+ Kh7 39. Rb8 Rd1+ 40.
Rb1 Qf6 41. Bh4 Rxb1+ 42. Kxb1 Qb6+ 43. Kc2 Qb2+ 44. Kd1 Qb1+ 45. Kd2 Qxa2+ 46.
Qc2+ Qxc2+ 47. Kxc2 f5 48. Kb3 g5 49. hxg6+ Kxg6 50. f3 Ne3 51. g3 Nc4 52. f4
e4 53. Be7 Nd2+ 54. Kxa3 e3 55. Bb4 Kh5 56. Kb2 Ne4 57. Kc2 Kg4 58. Kd3 Kf3 59.
Be7 Nxg3 60. Bb4 Nh5 61. Kc2 Nxf4 62. Bc3 e2 63. Bd2 h5 64. Kc3 h4 65. Kd4 h3
66. Ke5 Kg4 67. Kd4 h2 68. Kc4 h1=Q 69. Bc3 Qe4+ 70. Kb3 Qb1+ 71. Ka3 Nd5 72.
Ba5 Qa1+ 73. Kb3 Qxa5 74. Kc2 e1=Q 75. Kb2 Qac3+ 76. Ka2 Qea1# {
Hossa checkmated} 0-1

[Event "ICS rated blitz match"]
[Site "204.178.125.65"]
[Date "2000.11.15"]
[Round "?"]
[White "AvernoX"]
[Black "Hossa"]
[Result "0-1"]
[WhiteElo "2328"]
[BlackElo "2453"]
[PlyCount "90"]
[EventDate "2000.??.??"]

1. Nf3 d6 2. e4 Nf6 3. Nc3 d5 4. e5 Ne4 5. Bd3 Nc5 6. Be2 d4 7. Nb5 Nc6 8. d3
a6 9. Na3 Nd7 10. Bf4 e6 11. Nb1 Be7 12. O-O g5 13. Bc1 O-O 14. b3 Ndxe5 15.
Nxe5 Nxe5 16. f4 Ng6 17. fxg5 Bxg5 18. Bxg5 Qxg5 19. Qd2 Qc5 20. Bf3 f6 21. Be4
Ne5 22. b4 Qd6 23. Na3 Ng4 24. Rf4 Ne3 25. g3 e5 26. Rf2 f5 27. Bf3 c5 28. Rb1
f4 29. gxf4 Rxf4 30. bxc5 Qxc5 31. Qb4 Qc7 32. Kh1 Kh8 33. Rg1 Be6 34. Bxb7
Rxf2 35. Bxa8 Qd8 36. Bg2 Bd5 37. Qe1 Bxg2+ 38. Rxg2 Rxg2 39. Nc4 Qa8 40. Nxe3
Re2+ 41. Kg1 Rxe1+ 42. Kf2 Rxe3 43. h4 Qf3+ 44. Kg1 Qg3+ 45. Kf1 Re1# {
AvernoX checkmated} 0-1

[Event "ICS rated blitz match"]
[Site "204.178.125.65"]
[Date "2000.11.15"]
[Round "?"]
[White "Hossa"]
[Black "jo"]
[Result "1/2-1/2"]
[WhiteElo "2463"]
[BlackElo "2461"]
[PlyCount "93"]
[EventDate "2000.??.??"]

1. e4 c5 2. c3 Nf6 3. e5 Nd5 4. d4 cxd4 5. Qxd4 e6 6. Bc4 Nc6 7. Qe4 f5 8. Qe2
Nb6 9. Bd3 Qc7 10. Nf3 Be7 11. O-O O-O 12. Nbd2 a6 13. Rd1 Nd5 14. Nb3 b5 15.
Nbd4 Nb6 16. Bf4 g6 17. Bh6 Re8 18. Nxc6 Qxc6 19. Rac1 Bb7 20. b3 Rac8 21. Rc2
Nd5 22. c4 Nb4 23. cxb5 Qxc2 24. Bxc2 Rxc2 25. Rd2 Rc1+ 26. Ne1 Ra1 27. Rxd7
Bd5 28. bxa6 Rxa2 29. Qd1 Rxa6 30. Qd4 Nc6 31. Qe3 Ra1 32. Qe2 Bb4 33. Bd2 Bxd2
34. Qxd2 Nxe5 35. Rxh7 Kxh7 36. Qc3 Rea8 37. Qc7+ Kh6 38. Qxe5 Rb1 39. h4 Kh7
40. f3 Raa1 41. Qc7+ Kh8 42. Qb8+ Kh7 43. Qc7+ Kh8 44. Qb8+ Kh7 45. Qc7+ Kh8
46. Qb8+ Kh7 47. Qc7+ {Game drawn by repetition} 1/2-1/2

[Event "ICS rated bullet match"]
[Site "204.178.125.65"]
[Date "2000.11.15"]
[Round "?"]
[White "Hossa"]
[Black "stranger"]
[Result "1-0"]
[WhiteElo "2478"]
[BlackElo "2153"]
[PlyCount "21"]
[EventDate "2000.??.??"]

1. e4 d6 2. d4 e5 3. dxe5 dxe5 4. Qxd8+ Kxd8 5. Bc4 f6 6. Nc3 Bd6 7. Be3 Ne7 8.
O-O-O Ke8 9. Nb5 Bc5 10. Nxc7+ Kf8 11. Rd8# {stranger checkmated} 1-0

[Event "ICS rated bullet match"]
[Site "204.178.125.65"]
[Date "2000.11.15"]
[Round "?"]
[White "dilworth"]
[Black "Hossa"]
[Result "1-0"]
[WhiteElo "2586"]
[BlackElo "2486"]
[PlyCount "93"]
[EventDate "2000.??.??"]

1. d4 Nf6 2. c4 g6 3. Nc3 Bg7 4. e4 O-O 5. Nf3 d6 6. Be2 Bg4 7. Be3 c5 8. dxc5
dxc5 9. Qxd8 Rxd8 10. e5 Nfd7 11. h3 Bf5 12. O-O-O Nc6 13. g4 Be6 14. Ng5 Bxe5
15. Nxe6 fxe6 16. Ne4 Nd4 17. Rhe1 Nb6 18. Bd3 Rac8 19. Rf1 Bg7 20. b3 a5 21.
Ng5 e5 22. Be4 Rc7 23. Bxd4 Rxd4 24. Ne6 Rcd7 25. Nxc5 R7d6 26. Nxb7 Rxe4 27.
Nxd6 exd6 28. Rxd6 Nxc4 29. Rd8+ Bf8 30. bxc4 Rxc4+ 31. Kb1 Rb4+ 32. Kc2 Ra4
33. Kb2 Rb4+ 34. Kc3 Ra4 35. Re1 Rxa2 36. Rxe5 a4 37. Re4 Rxf2 38. Rxa4 Rf3+
39. Kd2 Rxh3 40. Rf4 h5 41. Rdxf8+ Kh7 42. g5 Rh2+ 43. Ke1 Rh1+ 44. Kf2 Rh2+
45. Kg1 Rf2 46. Rxf2 h4 47. R2f7# {Hossa checkmated} 1-0

[Event "ICS rated blitz match"]
[Site "204.178.125.65"]
[Date "2000.11.15"]
[Round "?"]
[White "Hossa"]
[Black "DeepC"]
[Result "1-0"]
[WhiteElo "2463"]
[BlackElo "1944"]
[PlyCount "63"]
[EventDate "2000.??.??"]

1. e4 e6 2. d4 d5 3. Nd2 Nc6 4. Ngf3 Nf6 5. exd5 Nxd5 6. Bb5 Bd7 7. Ne4 Be7 8.
c4 Nf6 9. Nxf6+ Bxf6 10. O-O a6 11. Ba4 O-O 12. Be3 Nxd4 13. Bxd7 Nxf3+ 14.
gxf3 Be5 15. f4 Bd6 16. Ba4 Qh4 17. Qf3 g5 18. Qg3 Qxg3+ 19. fxg3 gxf4 20. gxf4
Rfd8 21. Rf2 f6 22. c5 Bf8 23. Bb3 Kf7 24. f5 Rd3 25. fxe6+ Ke8 26. Re1 Rxe3
27. Rxe3 Bxc5 28. Rc3 Bd4 29. Rxc7 Rd8 30. Rxb7 Be3 31. Ba4+ Kf8 32. e7+ {
DeepC resigns} 1-0

[Event "ICS rated blitz match"]
[Site "204.178.125.65"]
[Date "2000.11.15"]
[Round "?"]
[White "DeepC"]
[Black "Hossa"]
[Result "0-1"]
[WhiteElo "1942"]
[BlackElo "2465"]
[PlyCount "60"]
[EventDate "2000.??.??"]

1. e4 e5 2. Nf3 Nc6 3. Bb5 a6 4. Ba4 Nf6 5. Bxc6 dxc6 6. d3 Nd7 7. O-O Be7 8.
Bd2 O-O 9. Bc3 Bd6 10. Nbd2 f5 11. Qe2 fxe4 12. Nxe4 b6 13. Rfe1 Bb7 14. Ng3
Qf6 15. Ne4 Qf4 16. Rad1 a5 17. h3 Rae8 18. Bd2 Qf7 19. Neg5 Qxa2 20. b3 Qxc2
21. Qe4 Nf6 22. Qh4 h6 23. Ne4 Nxe4 24. dxe4 Qxb3 25. Bxh6 gxh6 26. Qxh6 Rxf3
27. Qg6+ Kf8 28. gxf3 Re7 29. Qh6+ Rg7+ 30. Kf1 Ba6+ {DeepC resigns} 0-1

[Event "ICS rated blitz match"]
[Site "204.178.125.65"]
[Date "2000.11.15"]
[Round "?"]
[White "ginchman"]
[Black "Hossa"]
[Result "0-1"]
[WhiteElo "1967"]
[BlackElo "2467"]
[PlyCount "58"]
[EventDate "2000.??.??"]

1. d4 d6 2. c4 Nf6 3. Nc3 g6 4. e4 Nbd7 5. Bg5 h6 6. Bh4 Bg7 7. Nf3 g5 8. Bg3
Nh5 9. Be2 O-O 10. O-O e5 11. d5 f5 12. exf5 Nc5 13. Nd2 Nxg3 14. hxg3 Bxf5 15.
b4 Nd3 16. a3 e4 17. Qb3 Qe7 18. Bxd3 exd3 19. Rae1 Qf6 20. Nce4 Bxe4 21. Nxe4
Qd4 22. Nd2 Qc3 23. Qxc3 Bxc3 24. Rd1 Rae8 25. f3 Re2 26. Ne4 Bd4+ 27. Kh2 Bb2
28. Rxd3 Rxe4 29. Rb1 Re2 {ginchman resigns} 0-1

[Event "ICS rated blitz match"]
[Site "204.178.125.65"]
[Date "2000.11.15"]
[Round "?"]
[White "Hossa"]
[Black "Zippy"]
[Result "0-1"]
[WhiteElo "2469"]
[BlackElo "2455"]
[PlyCount "138"]
[EventDate "2000.??.??"]

1. e4 e6 2. d4 d5 3. Nd2 Nf6 4. e5 Nfd7 5. Bd3 c5 6. c3 cxd4 7. cxd4 Nc6 8. Ne2
Qb6 9. Nf3 Bb4+ 10. Bd2 f6 11. exf6 Nxf6 12. O-O O-O 13. Bf4 Be7 14. Qd2 Bd7
15. b3 Rac8 16. Qd1 Nb4 17. Ne5 Nxd3 18. Nxd3 Ne4 19. Be5 Bg5 20. Re1 Bb5 21.
f4 Be7 22. Rc1 Qa6 23. Rxc8 Rxc8 24. Nec1 Rc3 25. Nf2 Nxf2 26. Kxf2 Qb6 27. Kg1
Ba3 28. Ne2 Rd3 29. Qc2 Qc6 30. Qxc6 Bxc6 31. Ng3 Bb4 32. Rf1 g6 33. Rf3 Rxf3
34. gxf3 Kf7 35. Nh1 Bb5 36. Nf2 b6 37. Kg2 Bc3 38. Nd1 Be1 39. Nf2 Ke7 40. Ng4
Bd3 41. Nf6 h5 42. a3 a5 43. Ng8+ Kd8 44. Bf6+ Kd7 45. Be5 Bc2 46. Nf6+ Ke7 47.
f5 gxf5 48. Nxh5 Bxb3 49. Bc7 b5 50. Nf4 Bc3 51. Bb6 Bd2 52. Ng6+ Kf6 53. Ne5
Kg5 54. Bd8+ Kh6 55. Nd7 a4 56. h4 b4 57. axb4 Bc4 58. Be7 a3 59. Bf8+ Kh7 60.
Nf6+ Kg6 61. Nd7 a2 62. Bc5 a1=Q 63. Ne5+ Kh5 64. Nxc4 dxc4 65. b5 Be3 66. Bd6
Qg1+ 67. Kh3 Bf2 68. Be5 Qh1+ 69. Bh2 Qf1# {Hossa checkmated} 0-1

[Event "ICS rated blitz match"]
[Site "204.178.125.65"]
[Date "2000.11.15"]
[Round "?"]
[White "ChesterX"]
[Black "Hossa"]
[Result "1-0"]
[WhiteElo "2524"]
[BlackElo "2452"]
[PlyCount "101"]
[EventDate "2000.??.??"]

1. d4 d6 2. e4 Nf6 3. Nc3 Nbd7 4. f4 Nb6 5. e5 dxe5 6. fxe5 Nfd5 7. Nxd5 Qxd5
8. Nf3 Bg4 9. Be2 O-O-O 10. c3 c5 11. h3 Bf5 12. O-O cxd4 13. cxd4 Be4 14. Be3
Kb8 15. a4 Rc8 16. a5 Nc4 17. Bxc4 Rxc4 18. a6 b6 19. Nd2 Rc2 20. Nxe4 Qxe4 21.
Rf2 Rxf2 22. Bxf2 g6 23. Qb3 e6 24. Qa4 Bh6 25. Qd7 Rc8 26. Qxf7 Be3 27. Bxe3
Qxe3+ 28. Kh1 Rc7 29. Qf8+ Rc8 30. Qd6+ Ka8 31. Rg1 Qe2 32. Qxe6 Qxa6 33. d5
Kb8 34. d6 Qd3 35. Qe7 Ka8 36. d7 Rb8 37. Qxh7 Qd5 38. Qe7 Qd4 39. Rf1 Qc5 40.
Qxc5 bxc5 41. e6 Kb7 42. e7 Kc7 43. e8=Q Rd8 44. Qe5+ Kc6 45. Rc1 Kxd7 46. Rxc5
Rc8 47. Rd5+ Kc6 48. Qd6+ Kb7 49. Rb5+ Ka8 50. Qd5+ Rc6 51. Qxc6# {
Hossa checkmated} 1-0

[Event "ICS rated bullet match"]
[Site "204.178.125.65"]
[Date "2000.11.15"]
[Round "?"]
[White "Hossa"]
[Black "MarcoCorvi"]
[Result "1-0"]
[WhiteElo "2474"]
[BlackElo "2027"]
[PlyCount "127"]
[EventDate "2000.??.??"]

1. d4 f5 2. c4 Nf6 3. g3 e6 4. Bg2 d5 5. Nf3 c6 6. O-O Bd6 7. b3 O-O 8. Ba3 Qe7
9. Bxd6 Qxd6 10. Nc3 Bd7 11. Ne5 Be8 12. cxd5 exd5 13. Qc2 g6 14. Qd2 Bf7 15.
Na4 Nbd7 16. Nxd7 Qxd7 17. Bf3 Ne4 18. Qh6 Be6 19. Bxe4 fxe4 20. Nc5 Qe7 21.
Rab1 Rae8 22. Rb2 Bc8 23. Rc2 Qg7 24. Qxg7+ Kxg7 25. Rfc1 Rf7 26. b4 a6 27. Rd2
Ref8 28. e3 Rf3 29. Re2 R3f7 30. Rec2 Rf3 31. g4 R3f7 32. h3 Rf3 33. Kg2 R3f7
34. Re2 h5 35. gxh5 gxh5 36. Rg1 Kh6 37. h4 Rg8+ 38. Kh2 Rfg7 39. Rxg7 Rxg7 40.
Rc2 Rg4 41. Nxa6 bxa6 42. Rxc6+ Kh7 43. Rc7+ Kh6 44. Rxc8 Rxh4+ 45. Kg2 Rg4+
46. Kf1 Kg5 47. Ra8 h4 48. Rxa6 h3 49. Ra8 h2 50. Rh8 Rh4 51. Rxh4 Kxh4 52. Kg2
Kg4 53. b5 h1=Q+ 54. Kxh1 Kf3 55. Kg1 Ke2 56. b6 Kd3 57. b7 Kc2 58. b8=Q Kc3
59. Qb3+ Kd2 60. Qb2+ Ke1 61. Qc1+ Ke2 62. Kg2 Kd3 63. Qb2 Kc4 64. Qb3# {
MarcoCorvi checkmated} 1-0

[Event "ICS rated bullet match"]
[Site "204.178.125.65"]
[Date "2000.11.15"]
[Round "?"]
[White "MarcoCorvi"]
[Black "Hossa"]
[Result "0-1"]
[WhiteElo "2025"]
[BlackElo "2476"]
[PlyCount "64"]
[EventDate "2000.??.??"]

1. c3 c5 2. d4 cxd4 3. cxd4 Nf6 4. Nf3 g6 5. Nc3 Bg7 6. e3 O-O 7. Bd3 d5 8. O-O
Nc6 9. Bd2 Bg4 10. Rc1 Nb4 11. Bb1 Rc8 12. h3 Bxf3 13. Qxf3 Qd7 14. Rfd1 Nc6
15. Be1 Qd6 16. Qe2 a6 17. Qd2 b5 18. Qe2 Bh6 19. Qd2 Rc7 20. Qe2 b4 21. Na4
Nxd4 22. exd4 Rxc1 23. Rxc1 Bxc1 24. Bd3 a5 25. b3 Nd7 26. Bd2 Rc8 27. g3 Bxd2
28. Qxd2 Qc6 29. Kg2 Qc1 30. Qe2 e6 31. Bb5 Rc2 32. Qe3 Qxe3 {
MarcoCorvi resigns} 0-1

[Event "ICS rated bullet match"]
[Site "204.178.125.65"]
[Date "2000.11.15"]
[Round "?"]
[White "MarcoCorvi"]
[Black "Hossa"]
[Result "0-1"]
[WhiteElo "2021"]
[BlackElo "2480"]
[PlyCount "130"]
[EventDate "2000.??.??"]

1. d4 Nf6 2. c3 d5 3. e3 e6 4. f4 c5 5. Nf3 Bd6 6. Bd3 Nbd7 7. O-O c4 8. Bc2 b5
9. Bd2 Ne4 10. a3 Bb7 11. Be1 f6 12. Bf2 Nxf2 13. Rxf2 a5 14. Nbd2 b4 15. axb4
axb4 16. Rf1 Rxa1 17. Qxa1 b3 18. Bd1 Qa8 19. Be2 Qb8 20. Kh1 Nb6 21. Kg1 g6
22. Kh1 Bc6 23. Kg1 Na8 24. Kh1 Nc7 25. Kg1 Bb5 26. Kh1 Bd7 27. Kg1 Na8 28. Kh1
Nb6 29. Kg1 Qc7 30. Kh1 Bc6 31. Kg1 Qf7 32. Kh1 Nc8 33. Kg1 Qg7 34. Kh1 Nb6 35.
Kg1 Bb7 36. Kh1 Qc7 37. Kg1 Qd7 38. Kh1 Qa4 39. Kg1 Qa2 40. Kh1 Na4 41. Qxa2
bxa2 42. Ra1 Nxb2 43. Rxa2 Nd3 44. Kg1 Nc1 45. Kf2 Nxa2 46. Nb1 Bc7 47. Nbd2
Nxc3 48. Nb1 Nxb1 49. g3 Nc3 50. h3 Ne4+ 51. Kg2 Kd7 52. g4 Ra8 53. h4 Ra3 54.
g5 Rxe3 55. Kf1 c3 56. Ne1 Ng3+ 57. Kf2 Rxe2+ 58. Kxg3 Rxe1 59. gxf6 c2 60. f7
Bd6 61. f8=Q Bxf8 62. Kg4 Rg1+ 63. Kh3 c1=Q 64. h5 Qc3+ 65. Kh4 Be7# {
MarcoCorvi checkmated} 0-1

[Event "ICS rated blitz match"]
[Site "204.178.125.65"]
[Date "2000.11.15"]
[Round "?"]
[White "Hossa"]
[Black "cfd"]
[Result "1-0"]
[WhiteElo "2453"]
[BlackElo "2117"]
[PlyCount "63"]
[EventDate "2000.??.??"]

1. d4 d6 2. e4 e5 3. dxe5 dxe5 4. Qxd8+ Kxd8 5. Nc3 Bd6 6. Be3 c6 7. Nf3 h6 8.
Bc4 Ke7 9. O-O-O Be6 10. Nh4 g6 11. Bxe6 Kxe6 12. Nf3 Nd7 13. Kb1 Ngf6 14. Rd3
Bc5 15. Rhd1 Bxe3 16. Rxe3 Nc5 17. b4 Na6 18. Red3 Ne8 19. a3 Nac7 20. Na4 Na6
21. c4 b5 22. cxb5 cxb5 23. Rc1 bxa4 24. Rc6+ Ke7 25. Rxa6 f6 26. Rc3 g5 27.
Rxa4 Nd6 28. Rc7+ Ke6 29. Nd2 a6 30. Rc6 Kd7 31. Raxa6 Rxa6 32. Rxa6 {
cfd resigns} 1-0

[Event "ICS rated blitz match"]
[Site "204.178.125.65"]
[Date "2000.11.15"]
[Round "?"]
[White "cfd"]
[Black "Hossa"]
[Result "0-1"]
[WhiteElo "2113"]
[BlackElo "2457"]
[PlyCount "72"]
[EventDate "2000.??.??"]

1. d4 Nf6 2. e3 g6 3. Nf3 Bg7 4. c4 d5 5. c5 b6 6. cxb6 axb6 7. Nc3 O-O 8. a3
c6 9. b4 Bf5 10. Bd3 Bxd3 11. Qxd3 Qc8 12. Bb2 Qg4 13. O-O Ne4 14. h3 Qf5 15.
Nh4 Qe6 16. Nf3 Nd7 17. Nd2 Nxd2 18. Qxd2 Qf5 19. Rae1 Rfd8 20. f3 Qg5 21. Qd3
b5 22. e4 Nb6 23. e5 Nc4 24. Bc1 Qh4 25. Kh2 e6 26. g3 Qe7 27. Ne2 Ra7 28. f4
Rda8 29. g4 Nxa3 30. f5 exf5 31. gxf5 Qxb4 32. e6 Nc4 33. exf7+ Rxf7 34. fxg6
Qd6+ 35. Bf4 Qxg6 36. Qxg6 hxg6 {cfd resigns} 0-1

[Event "ICS rated blitz match"]
[Site "204.178.125.65"]
[Date "2000.11.15"]
[Round "?"]
[White "Hossa"]
[Black "Jerry"]
[Result "1-0"]
[WhiteElo "2461"]
[BlackElo "2253"]
[PlyCount "85"]
[EventDate "2000.??.??"]

1. d4 d5 2. Nf3 Nf6 3. Bf4 c5 4. c3 cxd4 5. Nxd4 Nc6 6. e3 Qb6 7. Qe2 e6 8. Qb5
Qxb5 9. Nxb5 e5 10. Bxe5 Nxe5 11. Nc7+ Kd8 12. Nxa8 b6 13. f4 Nc6 14. Nd2 Bb7
15. Nxb6 axb6 16. O-O-O Bc5 17. e4 Kc7 18. Bd3 dxe4 19. Nxe4 Nxe4 20. Bxe4 Re8
21. Rhe1 g6 22. Bd5 Rxe1 23. Rxe1 f5 24. g3 Ba6 25. Kc2 Bf2 26. Re6 Nd8 27.
Re7+ Kd6 28. Rxh7 Kxd5 29. Rd7+ Ke4 30. Rxd8 Bg1 31. Rd6 Bxh2 32. Rxb6 Be2 33.
Rxg6 Bg4 34. Re6+ Kf3 35. b4 Bxg3 36. a4 Bxf4 37. a5 Bc7 38. a6 f4 39. a7 Bxe6
40. a8=Q+ Kg3 41. Qc6 Bf5+ 42. Kc1 Be5 43. Qc5 {Jerry resigns} 1-0

[Event "ICS rated blitz match"]
[Site "204.178.125.65"]
[Date "2000.11.15"]
[Round "?"]
[White "PostModernist"]
[Black "Hossa"]
[Result "1-0"]
[WhiteElo "2646"]
[BlackElo "2468"]
[PlyCount "115"]
[EventDate "2000.??.??"]

1. e4 e5 2. Bc4 Nf6 3. d3 c6 4. Nf3 d5 5. Bb3 Bg4 6. h3 Bxf3 7. Qxf3 dxe4 8.
dxe4 Qd4 9. Nd2 Nbd7 10. O-O Nc5 11. c3 Qd3 12. Qf5 Bd6 13. Nc4 Nxb3 14. axb3
Bc7 15. Bh6 Qxe4 16. Qxe4 Nxe4 17. Bxg7 Rg8 18. Bxe5 Bxe5 19. Rfe1 f5 20. Nxe5
Kf8 21. Ra5 Kg7 22. Nd7 Kg6 23. g4 c5 24. f3 Nd2 25. Ne5+ Kg5 26. Rxc5 Rg7 27.
Kf2 Nxb3 28. h4+ Kh6 29. Rb5 Nd2 30. gxf5 Rc7 31. f6 Rac8 32. f7 b6 33. Rg1
Nxf3 34. Kxf3 Rf8 35. Ke4 Re7 36. Rf1 Kh5 37. Rf5+ Kh6 38. Rd5 Kg7 39. h5 h6
40. Rd6 Rfxf7 41. Rxf7+ Rxf7 42. Nxf7 Kxf7 43. Rd7+ Kf6 44. Rxa7 Kg5 45. Rb7
Kxh5 46. Rxb6 Kg5 47. Rxh6 Kxh6 48. b4 Kg7 49. b5 Kf7 50. b6 Ke7 51. b7 Kd6 52.
b8=Q+ Kc6 53. Qe5 Kb6 54. Qd6+ Kb7 55. Kd5 Kc8 56. Qe7 Kb8 57. Kc6 Kc8 58. Qf8#
{Hossa checkmated} 1-0

[Event "ICS rated blitz match"]
[Site "204.178.125.65"]
[Date "2000.11.15"]
[Round "?"]
[White "Dorky"]
[Black "Hossa"]
[Result "0-1"]
[WhiteElo "2472"]
[BlackElo "2460"]
[PlyCount "78"]
[EventDate "2000.??.??"]

1. d4 Nf6 2. c4 e6 3. Nf3 b6 4. g3 Ba6 5. b3 Bb4+ 6. Bd2 Be7 7. Bg2 c6 8. Bc3
d5 9. Ne5 Nfd7 10. Nxd7 Nxd7 11. Nd2 Bf6 12. O-O Be7 13. e4 O-O 14. exd5 exd5
15. Re1 Nf6 16. Re3 Re8 17. Qe2 Qc7 18. Re1 Ba3 19. Qf3 Rxe3 20. Rxe3 Bc8 21.
cxd5 cxd5 22. Qd1 Bg4 23. f3 Bf5 24. Qe2 Qc8 25. b4 a6 26. Qe1 a5 27. bxa5 bxa5
28. g4 Bc2 29. g5 Nh5 30. Nb3 a4 31. Na1 Bf5 32. Bf1 Nf4 33. Bb5 Bd7 34. Bxd7
Qxd7 35. Bd2 Bd6 36. h4 Rc8 37. Rc3 Rxc3 38. Bxc3 Qh3 39. Nc2 Qg2# {
Dorky checkmated} 0-1

[Event "ICS rated blitz match"]
[Site "204.178.125.65"]
[Date "2000.11.15"]
[Round "?"]
[White "Hossa"]
[Black "PostModernist"]
[Result "1/2-1/2"]
[WhiteElo "2477"]
[BlackElo "2658"]
[PlyCount "112"]
[EventDate "2000.??.??"]

1. d4 Nf6 2. c4 e6 3. Nf3 d5 4. Nc3 Be7 5. Bg5 O-O 6. e3 h6 7. Bxf6 Bxf6 8. Rc1
c6 9. Bd3 Nd7 10. O-O dxc4 11. Bxc4 e5 12. Ne4 exd4 13. Nxf6+ Nxf6 14. Nxd4 Qe7
15. Qc2 Rd8 16. Rcd1 Bg4 17. Rd3 c5 18. Nb5 a6 19. Nc3 b5 20. Nd5 Qe6 21. Nxf6+
Qxf6 22. Bd5 c4 23. Rd4 Bf5 24. Qc3 Rab8 25. Rfd1 Re8 26. Bf3 Bd3 27. b3 Qe5
28. a3 a5 29. Qxa5 Bc2 30. bxc4 Bxd1 31. Bxd1 Ra8 32. Qd2 bxc4 33. Rxc4 Rxa3
34. Rd4 Ra2 35. Qb4 Qf6 36. Bf3 Qh4 37. Be2 Ra1+ 38. Bf1 Qh5 39. Qc4 Rb8 40.
Rd7 Rbb1 41. Qc8+ Kh7 42. Qc2+ g6 43. Rxf7+ Kg8 44. Qc8+ Kxf7 45. Qd7+ Kf8 46.
Qd8+ Kf7 47. Qd7+ Kg8 48. Qd8+ Kh7 49. Qe7+ Kh8 50. Qe8+ Kg7 51. Qd7+ Kh8 52.
Qd8+ Kg7 53. Qc7+ Kg8 54. Qd8+ Kh7 55. Qe7+ Kg8 56. Qd8+ Kh7 {
Game drawn by repetition} 1/2-1/2

[Event "ICS rated blitz match"]
[Site "204.178.125.65"]
[Date "2000.11.15"]
[Round "?"]
[White "PostModernist"]
[Black "Hossa"]
[Result "0-1"]
[WhiteElo "2636"]
[BlackElo "2485"]
[PlyCount "134"]
[EventDate "2000.??.??"]

1. e4 e5 2. Bc4 Nf6 3. d3 c6 4. Nf3 d5 5. Bb3 Bg4 6. h3 Bxf3 7. Qxf3 Bc5 8.
exd5 Nxd5 9. Nc3 Nf6 10. Qg3 O-O 11. Bd2 Bd4 12. O-O Kh8 13. Rfe1 Nbd7 14. a4
Nb6 15. a5 Nbd7 16. Red1 Nc5 17. Bc4 Qe7 18. Rab1 b5 19. axb6 axb6 20. b4 Ne6
21. Ne2 b5 22. Bb3 Nd7 23. c3 Bb6 24. Qf3 Qd6 25. Ng3 Nf6 26. Nf5 Qc7 27. Qg3
e4 28. d4 Qxg3 29. Nxg3 Bc7 30. Nf5 Nd5 31. Bxd5 cxd5 32. Ne7 Rad8 33. Ra1 Rfe8
34. Nc6 Rd6 35. Na7 Rb6 36. Ra5 Reb8 37. h4 Kg8 38. Rda1 f5 39. Kf1 f4 40. Ra6
Rxa6 41. Rxa6 Kf7 42. Nc6 Rc8 43. Ne5+ Bxe5 44. dxe5 e3 45. fxe3 fxe3 46. Bxe3
Rxc3 47. Bd2 Rc2 48. Be1 Nf4 49. Ra7+ Ke6 50. Rxg7 Rc1 51. Rg3 d4 52. Rf3 Kxe5
53. g3 Nd5 54. Ke2 Ke4 55. Bd2 Rh1 56. Ra3 d3+ 57. Kf2 Rh2+ 58. Ke1 Ne3 59.
Bxe3 Kxe3 60. Kf1 Rh1+ 61. Kg2 Rc1 62. h5 Ke4 63. Ra8 d2 64. Re8+ Kd3 65. Rd8+
Kc3 66. g4 d1=Q 67. Rxd1 Rxd1 {PostModernist resigns} 0-1

[Event "ICS rated blitz match"]
[Site "204.178.125.65"]
[Date "2000.11.15"]
[Round "?"]
[White "Hossa"]
[Black "PostModernist"]
[Result "0-1"]
[WhiteElo "2508"]
[BlackElo "2613"]
[PlyCount "86"]
[EventDate "2000.??.??"]

1. e4 c5 2. c3 d5 3. exd5 Qxd5 4. d4 e6 5. Nf3 Nf6 6. Bd3 cxd4 7. cxd4 Nc6 8.
Nc3 Qd6 9. O-O Be7 10. Nb5 Qd8 11. Bf4 Nd5 12. Bg3 O-O 13. Rc1 Qb6 14. a3 a6
15. Nd6 Bxd6 16. Bxd6 Rd8 17. Bc5 Qxb2 18. Ng5 g6 19. Bc4 b5 20. Rc2 Qxc2 21.
Qxc2 bxc4 22. Qxc4 a5 23. Qa4 Bd7 24. Qb3 f6 25. Ne4 Rab8 26. Qc2 Be8 27. Qd2
g5 28. Qe2 Kh8 29. Re1 Rbc8 30. Qd2 Rb8 31. Nd6 Bg6 32. h4 gxh4 33. Rxe6 Rg8
34. Kh2 Rb3 35. Nc4 h3 36. Rxc6 hxg2 37. Qd1 Rb1 38. Qg1 Be4 39. Qxb1 Bxb1 40.
Kg1 Nf4 41. Nxa5 Ne2+ 42. Kh2 g1=Q+ 43. Kh3 Qh1# {Hossa checkmated} 0-1

[Event "ICS rated bullet match"]
[Site "204.178.125.65"]
[Date "2000.11.16"]
[Round "?"]
[White "ElGrancubano"]
[Black "Hossa"]
[Result "0-1"]
[WhiteElo "2129"]
[BlackElo "2482"]
[PlyCount "48"]
[EventDate "2000.??.??"]

1. d4 d5 2. c4 e6 3. Nc3 c5 4. cxd5 exd5 5. e3 Nf6 6. Nf3 Nc6 7. Be2 cxd4 8.
exd4 Be7 9. h3 O-O 10. O-O Bf5 11. Be3 Re8 12. a3 Ne4 13. Rc1 Nxc3 14. Rxc3 Bd6
15. Bd3 Qd7 16. Bxf5 Qxf5 17. Qc2 Qd7 18. b4 a6 19. Rc1 Rac8 20. Nd2 Bc7 21.
Nb3 Qd6 22. Nc5 Qh2+ 23. Kf1 Nxd4 24. Bxd4 Qh1# {ElGrancubano checkmated} 0-1

[Event "ICS rated bullet match"]
[Site "204.178.125.65"]
[Date "2000.11.16"]
[Round "?"]
[White "Hossa"]
[Black "Dorky"]
[Result "1-0"]
[WhiteElo "2486"]
[BlackElo "2414"]
[PlyCount "143"]
[EventDate "2000.??.??"]

1. e4 e5 2. Nf3 Nc6 3. Bb5 a6 4. Ba4 Nf6 5. O-O Be7 6. Re1 b5 7. Bb3 d6 8. c3
O-O 9. h3 Nd7 10. d4 Bf6 11. a4 Nb6 12. axb5 axb5 13. Rxa8 Nxa8 14. Na3 exd4
15. cxd4 Ba6 16. e5 dxe5 17. dxe5 Be7 18. e6 fxe6 19. Bxe6+ Kh8 20. Qd7 Qxd7
21. Bxd7 Bxa3 22. Bxc6 Bb4 23. Re4 Bd6 24. Nd4 b4 25. Ne6 Rc8 26. Rg4 g6 27.
Bd2 Rb8 28. Bxa8 Rxa8 29. Bxb4 Bc8 30. Bxd6 cxd6 31. Re4 d5 32. Re2 Bxe6 33.
Rxe6 Rb8 34. Re2 Rb3 35. Rd2 d4 36. Rxd4 Rxb2 37. Rd7 h6 38. g3 h5 39. Kg2 Kg8
40. Kf3 Rc2 41. Ke3 Rc3+ 42. Kf4 Kf8 43. Kg5 Rc6 44. Rb7 Re6 45. Rc7 Ra6 46.
Rh7 Kg8 47. Rb7 Kf8 48. Rc7 Re6 49. Rh7 Kg8 50. Ra7 Kf8 51. h4 Rc6 52. f4 Kg8
53. Kh6 Kf8 54. Rg7 g5+ 55. Rg6 Rc7 56. Rxg5 Ra7 57. Kxh5 Rf7 58. Rc5 Rh7+ 59.
Kg5 Rg7+ 60. Kf6 Kg8 61. g4 Rf7+ 62. Ke5 Re7+ 63. Kd4 Kf8 64. Rf5+ Kg8 65. Rg5+
Kh8 66. Re5 Rh7 67. Re8+ Kg7 68. Re7+ Kh8 69. Rxh7+ Kxh7 70. Kc5 Kg7 71. f5 Kf6
72. Kd6 {Dorky resigns} 1-0